[Event "WM"]
[Site "Elista "]
[Date "2006.09.26"]
[Round "3"]
[White "Kramnik, Vladimir"]
[Black "Topalov, Veselin"]
[Result "1/2-1/2"]
[WhiteElo "2743"]
[BlackElo "2813"]
[PlyCount "76"]
[EventDate "2006.09.21"]
[EventType "match"]
[EventRounds "12"]
[EventCountry "RUS"]
[SourceDate "2006.09.23"]

1. d4 Nf6 2. c4 e6 3. Nf3 d5 4. g3 {E02: Katalanisch} dxc4 5. Bg2 Nc6 6. Qa4
Bd7 7. Qxc4 Na5 8. Qd3 c5 9. O-O Bc6 10. Nc3 cxd4 11. Nxd4 Bc5 12. Rd1 Bxg2 (
12... Bxd4 13. Qxd4 Qxd4 14. Rxd4 Bxg2 15. Kxg2 $11) 13. Qb5+ Nd7 14. Kxg2 a6
15. Qd3 Rc8 $146 (15... Be7 16. Bf4 Rc8 17. Nf3 Nc4 18. Na4 b5 19. b3 Ncb6 20.
Nxb6 Nxb6 21. Qxd8+ Bxd8 22. e4 f6 23. Rd6 Ke7 24. Nd4 e5 25. Nf5+ Kf7 26. Be3
g6 27. Nh6+ Kg7 28. Rad1 Rb8 29. Rd7+ Nxd7 30. Rxd7+ {
Tkachiev,V (2670)-Solozhenkin,E (2528)/ 2001/1-0}) 16. Bg5 Be7 (16... Qxg5 17.
Nxe6 {Hinlenkung}) 17. Bxe7 Qxe7 18. Rac1 Nc4 19. Na4 b5 20. b3 O-O 21. bxc4
bxa4 22. Nc6 Rxc6 23. Qxd7 Qc5 24. Rc3 g6 25. Rb1 h5 26. Rb7 e5 27. e4 Rf6 28.
Rc2 Qa3 29. Qd1 Rd6 30. Rd2 Rfd8 (30... Rf6 31. Rbd7 $14) 31. Rd5 $16 (31. Rb8
$3 Rxd2 32. Rxd8+ Rxd8 33. Qxd8+ Kg7 34. Qd2 Kf6 35. Qc2 Qc5 36. Qxa4 Qc8 37.
Qb4 Qd7 38. Qb6+ Kg7 39. Qc5 $18) 31... Rxd5 32. cxd5 Qxa2 33. Qf3 Rf8 34. Qd3
a3 35. Rb3 (35. Rb4 $5 $16) 35... f5 $11 36. Qxa6 (36. Rxa3 fxe4 37. Rxa2 exd3
38. Rxa6 g5 $15) 36... Qxb3 37. Qxg6+ Kh8 38. Qh6+ Kg8 1/2-1/2

[Event "WM"]
[Site "Elista"]
[Date "2006.10.02"]
[Round "6"]
[White "Topalov, Vladimir"]
[Black "Kramnik, Veselin"]
[Result "1/2-1/2"]
[WhiteElo "2813"]
[BlackElo "2743"]
[PlyCount "61"]
[EventDate "2006.??.??"]
[SourceDate "2006.09.23"]

1. d4 d5 2. c4 c6 3. Nf3 Nf6 4. Nc3 dxc4 5. a4 Bf5 6. Ne5 {
Damengambit (Slawische Verteidigung)} e6 7. f3 c5 8. e4 Bg6 9. Be3 cxd4 10.
Qxd4 Qxd4 11. Bxd4 Nfd7 12. Nxd7 $146 (12. Nxc4 Nc6 13. Be3 Bc5 14. Kf2 Ke7 15.
h4 f6 16. h5 Bf7 17. Rd1 Bxe3+ 18. Nxe3 Rhd8 19. h6 g5 20. Bb5 Nde5 21. Nc4
Nxc4 22. Bxc4 Rxd1 23. Rxd1 Rd8 24. Rxd8 Nxd8 25. e5 f5 26. Nb5 Nc6 {
Nielsen,P (2644)-Hracek,Z (2595)/Hamburg 2006/1/2-1/2}) 12... Nxd7 13. Bxc4 a6
14. Ke2 Rg8 15. Rhd1 Rc8 16. b3 Bc5 17. a5 Ke7 18. Na4 Bb4 19. Nb6 Nxb6 20.
Bxb6 f6 21. Rd3 Rc6 22. h4 Rgc8 23. g4 Bc5 24. Rad1 Bxb6 25. Rd7+ Kf8 26. axb6
Rxb6 27. R1d6 Rxd6 28. Rxd6 Rc6 29. Rxc6 bxc6 30. b4 (30. Bxe6 Ke7 31. Bc4 a5
$14) 30... e5 $11 31. Bxa6 1/2-1/2